Women, Poverty and Resources (Record no. 12565)

MARC details
000 -LEADER
fixed length control field 00575nam a2200241 a 4500
020 ## - INTERNATIONAL STANDARD BOOK NUMBER
ISBN
082 00 - DEWEY DECIMAL CLASSIFICATION NUMBER
Classification number 305.4
Author Cutter WIG
100 ## - MAIN ENTRY--AUTHOR NAME
Author name Wignaraja, Ponna
245 ## - TITLE STATEMENT
Title Women, Poverty and Resources
260 ## - PUBLICATION, DISTRIBUTION, ETC. (IMPRINT)
Place of publication New Delhi
Name of publisher sage publication
Year of publication 1990
300 ## - PHYSICAL DESCRIPTION
Number of Pages 241p
500 ## - GENERAL NOTE
General note includes index and biblioraphy
505 2# - FORMATTED CONTENTS NOTE
Formatted contents note Index
650 ## - SUBJECT ADDED ENTRY--TOPICAL TERM
Topical Term Women-India
942 ## - ADDED ENTRY ELEMENTS (KOHA)
Koha item type Books
700 1# -
-- Wignaraja, Ponna
Holdings
Home library Current library Date acquired Cost, normal purchase price Full call number Accession Number Koha item type
Henry Martyn Institute Library Henry Martyn Institute Library 04/10/2008 275.00 305.4 WIG 015899 Books
                   Copyright © 2026 | Henry Martyn Institute | Hyderabad | TS-500052 | INDIA | Implemented by hmi.edu.in
Hit-Count:

Powered by Koha